Financial accounting :an intergrated approach / (Record no. 2109)

000 -LEADER
fixed length control field 00998pam a2200301 a 4500
001 - CONTROL NUMBER
control field 2086695
003 - CONTROL NUMBER IDENTIFIER
control field OSt
005 - DATE AND TIME OF LATEST TRANSACTION
control field 20160531170628.0
008 - FIXED-LENGTH DATA ELEMENTS--GENERAL INFORMATION
fixed length control field 950320s1996 ohua b 001 0 eng
010 ## - LIBRARY OF CONGRESS CONTROL NUMBER
LC control number 95012269
020 ## - INTERNATIONAL STANDARD BOOK NUMBER
International Standard Book Number 9780170178211
040 ## - CATALOGING SOURCE
Original cataloging agency DLC
Transcribing agency DLC
Modifying agency DLC
050 00 - LIBRARY OF CONGRESS CALL NUMBER
Classification number HF5635.T76 2009
082 00 - DEWEY DECIMAL CLASSIFICATION NUMBER
Classification number 657
Edition number 20
100 1# - MAIN ENTRY--PERSONAL NAME
Personal name Trotman, Ken.,
Dates associated with a name 1949-
245 10 - TITLE STATEMENT
Title Financial accounting :an intergrated approach /
Statement of responsibility, etc Ken Trotman, Michael Gibbins.
250 ## - EDITION STATEMENT
Edition statement 4th ed
260 ## - PUBLICATION, DISTRIBUTION, ETC. (IMPRINT)
Place of publication, distribution, etc Australia:
Name of publisher, distributor, etc Cengage Learning.,
Date of publication, distribution, etc c2009.
300 ## - PHYSICAL DESCRIPTION
Extent xviii, 780 p. :
Other physical details ill. ;
Dimensions 26 cm.
504 ## - BIBLIOGRAPHY, ETC. NOTE
Bibliography, etc Includes bibliographical references and indexes.
650 #0 - SUBJECT ADDED ENTRY--TOPICAL TERM
Topical term or geographic name as entry element Accounting.
650 #0 - SUBJECT ADDED ENTRY--TOPICAL TERM
Topical term or geographic name as entry element Corporations
General subdivision Accounting.
650 #0 - SUBJECT ADDED ENTRY--TOPICAL TERM
Topical term or geographic name as entry element Financial statements.
700 1# - ADDED ENTRY--PERSONAL NAME
Personal name Gibbins, Michael,
Dates associated with a name 1942-
906 ## - LOCAL DATA ELEMENT F, LDF (RLIN)
a 7
b cbc
c orignew
d 1
e ocip
f 19
g y-gencatlg
942 ## - ADDED ENTRY ELEMENTS (KOHA)
Source of classification or shelving scheme
Koha item type Book
Holdings
Withdrawn status Lost status Source of classification or shelving scheme Damaged status Not for loan Home library Current library Date acquired Total Checkouts Full call number Barcode Date last seen Copy number Price effective from Koha item type Shelving location Total Renewals Date checked out
          Riara University Library Riara University Library 31/05/2016   HF5635.T76 2009 6938/16 31/05/2016 C.1 31/05/2016 Book      
          Riara University Library Riara University Library 26/09/2016 2 HF5635.T76 2009 8343/16 08/12/2025 C.2 26/09/2016 Book General stack 1 21/11/2025
          Riara University Library Riara University Library 07/10/2016   HF5635.T76 2009 8588/16 07/10/2016 C.3 07/10/2016 Book General stack    
          Riara University Library Riara University Library 13/10/2016   HF5635.T76 2009 8413/16 13/10/2016 C.4 13/10/2016 Book General stack    
          Riara University Library Riara University Library 13/10/2016   HF5635.T76 2009 8412/16 13/10/2016 C.5 13/10/2016 Book General stack    

Riara University Library,
P.O. Box 49940-00100,
Nairobi, Kenya.